[Event "Frankfurt Ch 2007"]
[Site "Ffm-Kalbach, LAZ"]
[Date "2007.04.30"]
[Round "1.62"]
[White "Krüger, Manfred"]
[Black "Gauf, Wolfgang"]
[Result "0-1"]
[WhiteElo "1180"]
[BlackElo "1808"]
[PlyCount "88"]
[EventDate "2007.??.??"]

1. e4 c5 2. Nf3 Nc6 3. d4 cxd4 4. Nxd4 g6 5. Be3 Nf6 6. f3 Bg7 7. Nc3 O-O 8.
Qd2 d5 9. O-O-O dxe4 10. Qf2 Nxd4 11. Bxd4 Qa5 12. Bc4 exf3 13. gxf3 Bf5 14.
Rde1 e6 15. Re5 Qc7 16. Rc5 Qe7 17. Rb5 Rfc8 18. Rc5 b6 19. Rxc8+ Rxc8 20. Bb3
Rd8 21. Be5 Qf8 22. Kb1 Nh5 23. Bxg7 Qxg7 24. Qe3 Qd4 25. Qg5 Qf6 26. Qe3 Kg7
27. Rf1 Qd4 28. Qe2 Nf4 29. Qa6 Bh3 30. Rc1 Rd7 31. a3 Qf2 32. Qb5 Rd4 33. Qe5+
Kh6 34. Ne4 Rxe4 35. Qxe4 Qd2 36. Qe1 Qxh2 37. Rd1 g5 38. Qe5 Kg6 39. c3 Bf5+
40. Ka2 Qg2 41. Rd7 Nd3 42. Rxd3 Bxd3 43. Qc7 Qf1 44. Qxa7 Qb1# 0-1

[Event "Frankfurt Ch 2007"]
[Site "Ffm-Kalbach, LAZ"]
[Date "2007.04.30"]
[Round "1.63"]
[White "Kolompar, Josef"]
[Black "Nitschner, Hendrik"]
[Result "1-0"]
[WhiteElo "2014"]
[BlackElo "1177"]
[PlyCount "49"]
[EventDate "2007.??.??"]

1. e4 d5 2. e5 c5 3. c3 Nc6 4. d4 b6 5. Nf3 f6 6. Bb5 Qc7 7. Be3 c4 8. O-O Bd7
9. Na3 fxe5 10. dxe5 e6 11. Bf4 Nge7 12. Re1 Ng6 13. Bg3 Be7 14. Nc2 Nb8 15.
Ncd4 Bxb5 16. Nxb5 Qd7 17. Nbd4 O-O 18. h4 Nc6 19. Nxc6 Qxc6 20. Nd4 Qd7 21.
Qg4 Rfe8 22. Rad1 Bc5 23. Nf3 h6 24. Qxg6 Rf8 25. Re4 1-0

[Event "Frankfurt Ch 2007"]
[Site "Ffm-Kalbach, LAZ"]
[Date "2007.04.30"]
[Round "1.64"]
[White "Evertz, Wolfgang"]
[Black "Fresser, Stefan"]
[Result "0-1"]
[WhiteElo "1150"]
[BlackElo "1805"]
[PlyCount "96"]
[EventDate "2007.??.??"]

1. e4 c6 2. d4 d5 3. Nc3 dxe4 4. Nxe4 Nf6 5. Nxf6+ gxf6 6. Nf3 Bg4 7. Be2 e6 8.
h3 Bf5 9. O-O Rg8 10. c3 Bxh3 11. g3 Bxf1 12. Kxf1 Bd6 13. Bc4 Qa5 14. Be3 Nd7
15. Qb3 O-O-O 16. Nd2 Qh5 17. Ke1 Nb6 18. Be2 Qh1+ 19. Nf1 Nd5 20. Kd2 Nxe3 21.
Kxe3 f5 22. Kd2 f4 23. Rd1 fxg3 24. fxg3 Bxg3 25. Nxg3 Qh6+ 26. Kc2 Rxg3 27. a4
Qe3 28. Rd2 Rg2 29. Qc4 Qe4+ 30. Bd3 Rxd2+ 31. Kxd2 Qg2+ 32. Be2 h5 33. Qd3 h4
34. Qh7 Qg5+ 35. Kd1 Qf6 36. b4 Rh8 37. Qe4 h3 38. a5 h2 39. Bf3 h1=Q+ 40. Bxh1
Qf1+ 41. Qe1 Qxe1+ 42. Kxe1 Rxh1+ 43. Kd2 b5 44. axb6 axb6 45. Kd3 b5 46. c4
bxc4+ 47. Kxc4 Rc1+ 48. Kd3 f5 0-1

[Event "Frankfurt Ch 2007"]
[Site "Ffm-Kalbach, LAZ"]
[Date "2007.04.30"]
[Round "1.65"]
[White "Lemonidis, Christos"]
[Black "Liebert, Monika"]
[Result "1-0"]
[WhiteElo "1803"]
[BlackElo "1053"]
[PlyCount "61"]
[EventDate "2007.??.??"]

1. e4 e5 2. Nf3 Nc6 3. d3 Bc5 4. g3 a6 5. Bg2 Nf6 6. O-O d6 7. Nbd2 Bd7 8. c3
O-O 9. Qe2 h6 10. b4 Ba7 11. Nc4 b5 12. Ne3 Bg4 13. Nxg4 Nxg4 14. Nh4 Nf6 15.
Kh1 Nh7 16. Nf5 Ne7 17. Qg4 Ng6 18. h4 Nf6 19. Qf3 Bb6 20. h5 Ne7 21. Nxh6+ Kh8
22. Bh3 Neg8 23. Nf5 Nh6 24. Nxh6 gxh6 25. Bxh6 Rg8 26. Qf5 c5 27. Bg5 Rxg5 28.
Qxg5 Nh7 29. Qh6 Bc7 30. Bf5 Qg5 31. Qxh7# 1-0

[Event "Frankfurt Ch 2007"]
[Site "Ffm-Kalbach, LAZ"]
[Date "2007.04.30"]
[Round "1.70"]
[White "Rätsch, Kurt"]
[Black "Lehmann, Gerit"]
[Result "1-0"]
[WhiteElo "2080"]
[BlackElo "1443"]
[PlyCount "59"]
[EventDate "2007.??.??"]

1. e4 e5 2. Bc4 Nf6 3. d3 h6 4. c3 Nc6 5. b4 a6 6. a4 a5 7. b5 Na7 8. Nf3 d6 9.
Qb3 Qe7 10. O-O Be6 11. Nbd2 Bxc4 12. Nxc4 b6 13. Ba3 Qd7 14. Rfe1 Be7 15. d4
exd4 16. e5 dxe5 17. Rxe5 Nc8 18. Rae1 O-O 19. Bxe7 Nxe7 20. Rxe7 Qd8 21. cxd4
Re8 22. Rxe8+ Nxe8 23. Nce5 Nd6 24. h3 Qf8 25. Ng6 Qd8 26. Ne7+ Kf8 27. Nc6 Qf6
28. Nfe5 Kg8 29. Ng4 Qg6 30. Ne7+ 1-0